00423nam a2200145Ia 4500020001800000082001700018100001800035245004400053260004000097300001300137504001900150650005700169650003400226700001700260 a81-8069-359-7 a951.05 VYA-E aVyas, Bhaskar 0aExperiments with truth and non-violence aNew DelhibConcept Publishingc2007 axii, 212 aincludes index aBatan-'dzin-rgya-mtsho, Dalai Lama XIV, 1935-vExile aTibet (China)vHistoryz1951- aVyas, Rajni